000 00351 a2200145 4500
005 20250628082534.0
020 _a0-8264-6953-1
082 _a658 LUC
100 _aLUCEY, T
245 _aManagement Accounting
250 _a5th Ed.
260 _aNew York
_bThomson
_c2003.
300 _axi,723p.: ill.;figures
_bAppendix, Index
_c24cm
942 _2ddc
_cBKS
999 _c5888
_d5888